000 01017nam a2200277 a 4500
001 000016284
003 DO-SdBNP
005 20250709120704.0
008 100303s2001 dr a r 000 0 spa d
020 _a8495193078
040 _aDO-SdBNP
_bspa
_cBNPHU
082 _a371.35
_bI619e
245 0 0 _aIntroducción a la educación a distancia /
_ccoordinadora Mirian Acosta P.
260 _aSanto Domingo :
_bUAPA,
_c2001.
_fBúho
300 _a200 p. :
_bil. ;
_c28 cm.
490 1 _aTextos
_v4
504 _aBibliografía : p. 193
610 0 _aUniversidad Abierta para Adultos (Santiago de los Caballeros, República Dominicana)
_981179
650 4 _aEducación a distancia
_zRepública Dominicana
_934220
650 4 _aEducación superior
_9736
650 4 _aUniversidades
_zRepública Dominicana
_9729
700 1 _aAcosta P., Mirian,
_ecoor.
_936358
710 2 _aUniversidad Abierta para Adultos (Santiago de los Caballeros, Republica Dominicana)
_971401
830 0 0 _aTextos
_n4
_936360
942 _2ddc
_cLBS1
999 _c15819
_d15819